00366nam a2200157Ia 4500008004100000020001500041041001200056082001600068100001600084245003700100250000800137260002500145300000800170650001500178700001500193221030s9999 xx 000 0 und d a8120307577 aEnglish a105.23bGre aP. E. Green 0aResearch For Marketing Decisions a5th bPHIaNew Delhic2005 a784 aManagement aD. S. Tull